Music Quiz

Random Music or Billboard Quiz
Score 0/20 Timer 04:00
2 Plays Today
% Correct
Get
91.6%
Nothing
91.3%
Alligator
90.8%
Rain
90.6%
Feel
89.1%
September
88.2%
Clearly
85.6%
Miles
84.5%
Again
81.5%
Suddenly
80.1%
% Correct
Me
79.6%
Again
78.7%
You
71.1%
Forever
70.8%
Chance
65.7%
Heartache
65.4%
Smile
62.2%
Condition
59.8%
Her
48.9%
Tonight
46.1%

You're not logged in!

Compare scores with friends on all Sporcle quizzes.
OR
Log In

Sporcle TV

Today on Sporcle TV


Watch our educational content, quiz creation guides, and fun videos on Sporcle TV.

Show Comments

Extras

Top Quizzes Today


Score Distribution

Paid Content

Your Account Isn't Verified!

In order to create a playlist on Sporcle, you need to verify the email address you used during registration. Go to your Sporcle Settings to finish the process.

Report this User

Report this user for behavior that violates our Community Guidelines.

Details: